000 00544nam a2200217Ia 4500
005 20251020182451.0
008 200515s9999 xx 000 0 und d
082 _a621.137/U42
100 _aUniversidad Nacional de Ingeniería. Facultad de Ingeniería Civil
245 0 _aLaboratorio de Mecánica de Suelos
260 _aLima
260 _bU.N.I.
260 _c[s.a.]
300 _a77 p.
300 _bil., tbl., graf.
500 _a1 ejemplar
650 _aMECANICA DE SUELOS
650 _aSUELOS
942 _cLIB
999 _c844
_d844